00217 a2200097 450000100060000008200150000610000160002124500230003726000480006030000110010864345 a530.11 TAY aTaylor E.F aSpace-time Physics aSan FranciscobW.H.Freman and Companyc1966 a208 p.